Medical emergencies : (Record no. 1751)

000 -LEADER
fixed length control field 00923cam a2200289 i 4500
003 - CONTROL NUMBER IDENTIFIER
control field OSt
005 - DATE AND TIME OF LATEST TRANSACTION
control field 20210630061422.0
008 - FIXED-LENGTH DATA ELEMENTS--GENERAL INFORMATION
fixed length control field 770517s1977 maua b 001 0 eng
020 ## - INTERNATIONAL STANDARD BOOK NUMBER
International Standard Book Number 0316150096
040 ## - CATALOGING SOURCE
Transcribing agency DLC
050 00 - LIBRARY OF CONGRESS CALL NUMBER
Classification number RC86.7
Item number .M4 1977
245 00 - TITLE STATEMENT
Title Medical emergencies :
Remainder of title diagnostic and management procedures from Boston City Hospital /
Statement of responsibility, etc. edited by Alan S. Cohen, Ralph B. Freidin, Martin A. Samuels.
250 ## - EDITION STATEMENT
Edition statement 1st ed.
260 ## - PUBLICATION, DISTRIBUTION, ETC.
Place of publication, distribution, etc. Boston :
Name of publisher, distributor, etc. Little, Brown,
Date of publication, distribution, etc. c1977.
300 ## - PHYSICAL DESCRIPTION
Extent xii, 279 p. :
Other physical details ill. ;
Dimensions 24 cm.
504 ## - BIBLIOGRAPHY, ETC. NOTE
Bibliography, etc. note Includes bibliographical references and index.
650 #0 - SUBJECT ADDED ENTRY--TOPICAL TERM
Topical term or geographic name entry element Emergency medicine.
700 1# - ADDED ENTRY--PERSONAL NAME
Personal name Cohen, Alan S.
700 1# - ADDED ENTRY--PERSONAL NAME
Personal name Freidin, Ralph B.
700 1# - ADDED ENTRY--PERSONAL NAME
Personal name Samuels, Martin A.
710 2# - ADDED ENTRY--CORPORATE NAME
Corporate name or jurisdiction name as entry element Boston City Hospital.
906 ## - LOCAL DATA ELEMENT F, LDF (RLIN)
a 7
b cbc
c orignew
d 2
e ocip
f 19
g y-gencatlg
942 ## - ADDED ENTRY ELEMENTS (KOHA)
Source of classification or shelving scheme
Koha item type Book
Suppress in OPAC JE
Holdings
Withdrawn status Lost status Source of classification or shelving scheme Damaged status Not for loan Permanent Location Current Location Shelving location Date acquired Total Checkouts Full call number Barcode Date last seen Copy number Price effective from Koha item type Public note
          AU LIBRARY AU LIBRARY Open Shelf 30.06.2021   RC86.7 .M4 1977 C1 28000514 30.06.2021 1 30.06.2021 Book JE
          AU LIBRARY AU LIBRARY Open Shelf 30.06.2021   RC86.7 .M4 1977 C2 28002274 30.06.2021 2 30.06.2021 Book JE
          AU LIBRARY AU LIBRARY Open Shelf 30.06.2021   RC86.7 .M4 1977 C3 28002275 30.06.2021 3 30.06.2021 Book JE

Powered by Koha